| 000 | 00439nam a2200157Ia 4500 | ||
|---|---|---|---|
| 005 | 20250107013917.0 | ||
| 008 | 240331s9999 xx 000 0 und d | ||
| 020 | _a8185835438 | ||
| 082 |
_bIND _a950 |
||
| 245 | 0 |
_aIndian constitution : _ba review |
|
| 260 |
_aChandigarh _bCentre for Research in Rural & Industrial Development _c2002 |
||
| 300 | _avii, 219 p ., | ||
| 650 | _aIndian constitution | ||
| 700 |
_aPal,R.N. _eedt |
||
| 942 | _cL | ||
| 999 |
_c4608 _d4608 |
||